Intelligent machine vision : techniques, implementations, and applications (Record no. 47190)

MARC details
000 -LEADER
fixed length control field 00725nam a2200193 a 4500
008 - FIXED-LENGTH DATA ELEMENTS--GENERAL INFORMATION
fixed length control field 060424s2001 ||||||||||||||||| || u
020 ## - INTERNATIONAL STANDARD BOOK NUMBER
International Standard Book Number 3540762248
050 ## - LIBRARY OF CONGRESS CALL NUMBER
Classification number TA1634 Bat
100 ## - MAIN ENTRY--PERSONAL NAME
Personal name Batchelor, Bruce G
245 10 - TITLE STATEMENT
Title Intelligent machine vision : techniques, implementations, and applications
260 ## - PUBLICATION, DISTRIBUTION, ETC.
Place of publication, distribution, etc. London :
Name of publisher, distributor, etc. Springer
Date of publication, distribution, etc. 2001
300 ## - PHYSICAL DESCRIPTION
Extent xxiv, 392, 24 p. : ill.
350 ## - PRICE (NR) (BK AM CF MU VM SE) [OBSOLETE]
Price 0.00
500 ## - GENERAL NOTE
General note Includes bibliographical references
650 ## - SUBJECT ADDED ENTRY--TOPICAL TERM
Topical term or geographic name entry element COMPUTER VISION
650 #0 - SUBJECT ADDED ENTRY--TOPICAL TERM
Topical term or geographic name entry element IMAGE PROCESSING - DIGITAL TECHNIQUES
700 ## - ADDED ENTRY--PERSONAL NAME
Personal name Waltz, Frederick M
995 ## - RECOMMENDATION 995 [LOCAL, UNIMARC FRANCE]
-- 0.00
-- CBU-MAIN LIBRARY (Kitwe)
-- 1
-- 28.95
-- 1
-- AVAILABLE
-- Main Library Open Access Collection
Holdings
Withdrawn status Lost status Source of classification or shelving scheme Damaged status Not for loan Home library Current library Shelving location Date acquired Total Checkouts Full call number Barcode Date last seen Price effective from Koha item type
          CBU-MAIN LIBRARY, KITWE. CBU-MAIN LIBRARY, KITWE.   11/30/2022   TA1634 Bat 47797 11/30/2022 11/30/2022 MONOGRAPH